000 00429cam a2200169ua 4500
003 OSt
008 250823b |||||||| |||| 00| 0 eng d
041 _aeng
082 _a628.01
_bBIR/WA
100 _aBirdie, G S .
245 _aWater supply and sanitary engineering /
250 _a6 /
260 _aNew Delhi :
_bDhanpat Rai Publishing Co. Pvt. Ltd. ,
_c2002.
300 _a950 ; .
700 1 _aBirdie, J S .
942 _cBK
999 _c89
_d89